[Event "FRA-ch Blitz Online Qual"]
[Site "Europe Echecs INT"]
[Date "2020.05.16"]
[Round "5"]
[White "Garde, Guillaume"]
[Black "Touat, Kais"]
[Result "1-0"]
[WhiteElo "1716"]
[BlackElo "1416"]
[PlyCount "51"]
[EventDate "2020.05.16"]
[EventType "swiss (blitz)"]
[EventRounds "15"]
[EventCountry "FRA"]
[SourceTitle "CBM 196 Extra"]
[Source "ChessBase"]
[SourceDate "2020.07.31"]
[SourceVersion "1"]
[SourceVersionDate "2020.07.31"]
[SourceQuality "1"]

1. e4 e5 2. Nf3 Nc6 3. Bc4 Bc5 4. c3 Nf6 5. d3 d6 6. 0-0 0-0 7. Nbd2 Be6 8. h3 Qd7 9. Re1 Na5 10. Bxe6 fxe6 11. b4 Bxb4 12. cxb4 Nc6 13. b5 Ne7 14. a4 Ng6 15. Nf1 Rae8 16. Ng3 d5 17. exd5 exd5 18. Ba3 Rf7 19. Rc1 Nf4 20. Ng5 Rfe7 21. Bxe7 Qxe7 22. Nf3 Qf7 23. Nxe5 Qf8 24. Qf3 Ne6 25. Nf5 Nd4 26. Nxd4 1-0

[Event "FRA-ch Blitz Online Qual"]
[Site "Europe Echecs INT"]
[Date "2020.05.16"]
[Round "10"]
[White "Touat, Kais"]
[Black "Kvashyna, Tetyana"]
[Result "0-1"]
[WhiteElo "1416"]
[BlackElo "1764"]
[PlyCount "52"]
[EventDate "2020.05.16"]
[EventType "swiss (blitz)"]
[EventRounds "15"]
[EventCountry "FRA"]
[SourceTitle "CBM 196 Extra"]
[Source "ChessBase"]
[SourceDate "2020.07.31"]
[SourceVersion "1"]
[SourceVersionDate "2020.07.31"]
[SourceQuality "1"]

1. e4 e5 2. Nf3 Nc6 3. Bb5 a6 4. Ba4 Nf6 5. 0-0 Be7 6. Re1 b5 7. Bb3 d6 8. c3 0-0 9. d4 Bg4 10. Nbd2 exd4 11. cxd4 Nxd4 12. h3 Bxf3 13. Nxf3 Nxb3 14. Qxb3 Re8 15. Bg5 h6 16. Bh4 Bf8 17. Rad1 Qe7 18. e5 dxe5 19. Rxe5 Qb4 20. Qe3 Rxe5 21. Nxe5 Qxh4 22. Qf3 Re8 23. Nd7 Nxd7 24. Rxd7 Qf6 25. Qb7 Bd6 26. Qxa6 Bh2+ 0-1